A New process for skim rubber production (Record no. 53444)
[ view plain ]
| 000 -LEADER | |
|---|---|
| fixed length control field | 00306nam a2200121Ia 4500 |
| 100 ## - MAIN ENTRY--AUTHOR NAME | |
| Personal name | Khoo T C |
| 245 #2 - TITLE STATEMENT | |
| Title | A New process for skim rubber production |
| 650 ## - SUBJECT ADDED ENTRY--TOPICAL TERM | |
| Topical Term | Skim rubber production |
| 700 ## - ADDED ENTRY--PERSONAL NAME | |
| Personal name | Abdul Rahman Rais |
| 700 ## - ADDED ENTRY--PERSONAL NAME | |
| Personal name | Pmg C O |
| 942 ## - ADDED ENTRY ELEMENTS (KOHA) | |
| Koha item type | Journals |
| Withdrawn status | Lost status | Damaged status | Not for loan | Home library | Current library | Date acquired | Koha item type |
|---|---|---|---|---|---|---|---|
| Journals | RRII Library | RRII Library | 17/12/2021 | Journals |